Návrh vymeniteľných čeľustí flexibilného upínača : Bakalárska práca

Enregistré dans:
Détails bibliographiques
Auteur principal: Masnovič, František (Auteur)
Autres auteurs: Pastierovič, Miloš, 1977- (xxx)
Format: Manuscrit Livre
Langue:slovaque
Publié: Trnava : STU v Bratislave MtF KTZS, 2006
Sujets:
Tags: Ajouter un tag
Pas de tags, Soyez le premier à ajouter un tag!

MARC

LEADER 00000ntm a22000003a 4500
001 stu129431
005 20160719155510.3
008 061109s2006----xo------------------slo-d
040 |a STU  |b slo 
041 0 |a slo 
044 |a xo 
100 1 |a Masnovič, František  |4 aut 
245 1 |a Návrh vymeniteľných čeľustí flexibilného upínača :  |b Bakalárska práca 
260 |a Trnava :  |b STU v Bratislave MtF KTZS,  |c 2006 
300 |a 48 s  |c príl., 1 CD-ROM 
650 7 |a technologické zariadenia a systémy  |2 stusub 
650 7 |a univerzálne technologické zariadenia  |2 stusub 
700 1 |a Pastierovič, Miloš,  |d 1977-  |4 xxx  |u M170  |U MTF Ústav výrobných systémov a aplikovanej mechaniky  |T MTF Katedra technologických zariadení a systémov  |X 2777  |U M170  |Y M170  |7 A000002777 
996 |b 284M074754  |c M*BP-1998  |l MMSKP  |s P  |a 0  |w stu129431_0001